[Event "South America-ch U16 13th"]
[Site "Santiago de Chile"]
[Date "2016.12.02"]
[Round "2"]
[White "Rios Campos, Victor Orlando"]
[Black "Aspiazu Sibri, Marlon Steven"]
[Result "0-1"]
[WhiteElo "1422"]
[BlackElo "1753"]
[PlyCount "52"]
[EventDate "2016.12.01"]
[EventType "swiss"]
[EventRounds "9"]
[EventCountry "CHI"]
[SourceTitle "EXT 2018"]
[Source "ChessBase"]
[SourceDate "2017.10.13"]
[SourceVersion "1"]
[SourceVersionDate "2017.10.13"]
[SourceQuality "1"]

1. d4 e6 2. Nf3 f5 3. g3 Nf6 4. Bg2 c6 5. 0-0 d5 6. c4 Bd6 7. cxd5 cxd5 8. Bg5 0-0 9. Nc3 Nc6 10. Rc1 h6 11. Bd2 a6 12. a3 Bd7 13. b4 b5 14. Qc2 Rc8 15. e3 Rc7 16. Ne1 a5 17. Nxb5 Nxd4 18. Nxd4 Rxc2 19. Rxc2 axb4 20. axb4 e5 21. Nc6 Qb6 22. Na5 Bb5 23. Kh1 Bxf1 24. Bxf1 Ne4 25. Rc6 Qb8 26. Nf3 Bxb4 0-1